ბათუმის შოთა რუსთაველის სახელმწიფო უნივერსიტეტის ბიბლიოთეკა

ტექნიკური მიკრობიოლოგია (ბიბ.ჩანაწერი № 50752)

000 -LEADER
fixed length control field 00972nam a2200241Ia 4500
001 - CONTROL NUMBER
control field 17704
003 - CONTROL NUMBER IDENTIFIER
control field GE_BSU
008 - FIXED-LENGTH DATA ELEMENTS--GENERAL INFORMATION
fixed length control field 181216s||||||||xx |||||||||||||| ||und||
020 ## - INTERNATIONAL STANDARD BOOK NUMBER
International Standard Book Number 9789941453571
040 ## - CATALOGING SOURCE
Transcribing agency GE_BSU
080 ## - UNIVERSAL DECIMAL CLASSIFICATION NUMBER
Universal Decimal Classification number 579.66(073)
100 ## - MAIN ENTRY--PERSONAL NAME
Personal name ხუციძე,თამარ., ბენდელიანი,ეკატერინე., მახარობლიძე,ნატო.
245 ## - TITLE STATEMENT
Title ტექნიკური მიკრობიოლოგია
245 ## - TITLE STATEMENT
Statement of responsibility, etc. რედ. მ.ფრუიძე
260 ## - PUBLICATION, DISTRIBUTION, ETC.
Place of publication, distribution, etc. ქუთაისი
260 ## - PUBLICATION, DISTRIBUTION, ETC.
Name of publisher, distributor, etc. აკაკი წერეთლის სახ. უნ-ტი
260 ## - PUBLICATION, DISTRIBUTION, ETC.
Date of publication, distribution, etc. 2015
300 ## - PHYSICAL DESCRIPTION
Extent 228გვ.20სმ. ილ.
300 ## - PHYSICAL DESCRIPTION
Accompanying material ბიბლიოგრ.: გვ. 216-217
653 ## - INDEX TERM--UNCONTROLLED
Uncontrolled term კვების ტექნიკური მიკრობიოლოგია
653 ## - INDEX TERM--UNCONTROLLED
Uncontrolled term ტექნიკური მიკრობიოლოგია
942 ## - ADDED ENTRY ELEMENTS (KOHA)
Koha item type წიგნი
ეგზემპლარები
Withdrawn status Lost status Damaged status Not for loan Date acquired Barcode Date last seen Price effective from Koha item type
        2018-12-17 41556 2018-12-17 2018-12-17 წიგნი